01500cam a2200445 ia4500001001300000003000600013005001700019008004100036035002100077035002400098040006700122041001300189045001700202046000900219100003900228245006600267246003300333246003300366260007800399300001900477336002700496337005400523338002800577380001600605388001400621500006900635510002900704546002700733648001900760648001900779648001900798648001900817648001800836650002700854650003900881650004900920658001300969658002300982700004901005zz2006849872NUKAT20260410203918.0060531s1840 pl |000 0 pol c a(OCoLC)749709922 a(NUKAT)zz2006849872 aPOZN U/JGcPOZN U/JGdPOZN U/RDdPOZN U/JŁsdWR O/KPdWR O/PG0 apolalat2 bd0965bd1400 k18391 aWiszniewski, Michałd(1794-1865).10aMichała Wiszniewskiego Historya literatury polskiej.nT. 1-.30aHistorya literatury polskiej3 aHistoria literatury polskiej aKraków :bnakł. autora,c1840-e(Kraków :fDruk. S. Gieszkowskiego). aWol. ;c22 cm. aTekstbtxt2rdacontent aBez urządzenia pośredniczącegobn2rdamedia aWoluminbnc2rdacarrier aKsiążki1 a1801-1900 aT. 9-10 nakł. Aleksandra Przeździeckiego, w Drukarni "Czasu".4 aEstr. XIX,ct. 5, s. 107 aTekst częśc. łac. 7a1001-11002DBN 7a1101-12002DBN 7a1201-13002DBN 7a1301-14002DBN 7a901-10002DBN 7aLiteratura polska2DBN 7aLiteratura polsko-łacińska2DBN 7aLiteratura polskaxhistoria i krytyka.2kaba aHistoria aLiteraturoznawstwo1 aPrzezdziecki, Aleksanderd(1814-1871).eWyd.